England National Football Team Players: H - Statistics

General Stats
  • This quiz has been taken 7 times
  • The average score is 22 of 117
Answer Stats
Caps Goals First Cap Last Cap Player % Correct
4 0 2020 2025 Dean Henderson
80%
88 3 2010 2025 Jordan Henderson
80%
2 0 1975 1975 Alan Hudson
60%
62 7 1999 2010 Emile Heskey
60%
49 24 1966 1972 Geoff Hurst
60%
3 1 1962 1964 Alan Hinton
40%
2 0 1892 1893 Alban Harrison
40%
7 0 1888 1895 Bob Holmes
40%
3 1 1991 1992 David Hirst
40%
5 0 1959 1959 Doug Holden
40%
62 1 1969 1980 Emlyn Hughes
40%
6 4 1928 1931 Ernie Hine
40%
2 0 1962 1962 Fred Hill
40%
2 0 1921 1921 George Harrison
40%
4 0 1881 1884 George Holden
40%
53 8 1979 1988 Glen Hoddle
40%
1 0 1966 1966 Gordon Harris
40%
6 0 1976 1977 Gordon Hill
40%
11 0 1925 1929 Jack Hill
40%
1 0 1883 1883 Jack Hudson
40%
17 0 1955 1957 Jeff Hall
40%
75 0 2008 2017 Joe Hart
40%
56 18 1954 1962 Johnny Haynes
40%
3 0 1950 1950 Laurie Hughes
40%
2 0 2024 2024 Lewis Hall
40%
32 9 1984 1992 Mark Hateley
40%
28 2 1965 1974 Norman Hunter
40%
42 0 2001 2008 Owen Hargreaves
40%
2 0 1949 1954 Peter Harris
40%
1 0 1926 1926 Richard Hill
40%
3 0 1982 1986 Ricky Hill
40%
34 18 1962 1969 Roger Hunt
40%
6 2 1904 1906 Stanley Harris
40%
3 0 2016 2017 Tom Heaton
40%
4 0 2009 2012 Tom Huddlestone
40%
5 0 1957 1960 Alan Hodgkinson
20%
7 0 1996 1998 Andy Hinchcliffe
20%
1 0 1910 1910 Bert Hall
20%
1 0 1910 1910 Billy Hibbert
20%
3 0 2019 2019 Callum Hudson-Odoi
20%
30 0 1933 1939 Eddie Hapgood
20%
14 0 1957 1959 Eddie Hopkinson
20%
7 5 1930 1932 Eric Houghton
20%
8 0 1928 1934 Ernie Hart
20%
3 0 1880 1882 Fred Hargreaves
20%
13 0 1946 1948 George Hardwick
20%
8 14 1907 1909 George Hilsdon
20%
10 8 1909 1913 George Holley
20%
3 1 1933 1933 George Hunt
20%
4 2 1913 1914 Harry Hampton
20%
25 0 1929 1936 Harry Hibbs
20%
1 2 1948 1948 Jack Haines
20%
7 0 1878 1882 Jack Hunter
20%
3 5 1930 1932 Jimmy Hampson
20%
2 0 1881 1881 John Hargreaves
20%
1 0 1967 1967 John Hollins
20%
10 0 1890 1900 Johnny Holt
20%
2 0 1911 1911 Kenneth Hunt
20%
2 0 1973 1973 Kevin Hector
20%
1 0 1998 1998 Lee Hendrie
20%
2 0 1962 1962 Mike Hellawell
20%
1 0 1903 1903 Percy Humphreys
20%
21 0 1907 1920 Sam Hardy
20%
24 0 1986 1991 Steve Hodge
20%
2 0 1984 1984 Steve Hunt
20%
1 1 2024 2024 Taylor Harwood-Bellis
20%
10 9 1933 1939 Willie Hall
20%
1 0 1881 1881 Alf Harvey
0%
2 0 1892 1894 Anthony Hossack
0%
1 0 1879 1879 Arnold Hills
0%
5 2 1891 1896 Arthur Henfrey
0%
3 0 1902 1902 Billy Hogg
0%
5 0 1887 1894 Bob Howarth
0%
2 0 1888 1888 Cecil Holden-White
0%
1 0 1971 1971 Colin Harvey
0%
6 1 1888 1894 Dennis Hodgetts
0%
23 0 1957 1959 Don Howe
0%
1 0 1875 1875 Edward Haygarth
0%
3 0 1959 1959 Edwin Holliday
0%
1 0 1876 1876 Francis Heron
0%
1 0 1923 1923 Frank Hartley
0%
1 0 1925 1925 Frank Hudspeth
0%
5 0 1887 1890 George Haworth
0%
1 0 1901 1901 George Hedley
0%
2 0 1936 1936 George Holdcroft
0%
7 5 1961 1962 Gerry Hitchens
0%
3 1 1930 1931 Gordon Hodgson
0%
1 2 1909 1909 Harold Halse
0%
4 1 1905 1908 Harold Hardman
0%
5 4 1951 1953 Harold Hassall
0%
2 1 1936 1936 Harold Hobbis
0%
1 0 1903 1903 Harry Hadley
0%
1 0 1924 1924 Harry Hardy
0%
1 0 1889 1889 Henry Hammond
0%
2 0 1924 1928 Henry Healless
0%
5 0 1873 1878 Hubert Heron
0%
3 0 1928 1929 Jack Hacking
0%
2 0 1922 1923 Jack Harrow
0%
1 0 1899 1899 Jack Hillman
0%
3 0 1948 1949 Jack Howe
0%
4 4 1923 1923 Jackie Hegan
0%
1 0 1948 1948 Jimmy Hagan
0%
9 4 1927 1933 Joe Hulme
0%
2 0 1881 1881 John Hawtrey
0%
3 2 1948 1950 Johnny Hancocks
0%
3 0 1913 1919 Joseph Hodkinson
0%
5 0 1902 1906 Kelly Houlker
0%
1 0 1873 1873 Leonard Howell
0%
2 0 1988 1988 Mick Harford
0%
2 1 1895 1899 Rab Howell
0%
5 0 1907 1908 Robert Hawkes
0%
1 0 1963 1963 Ron Henry
0%
4 0 1994 1996 Steve Howey
0%
1 0 1926 1926 Ted Harper
0%
6 0 1923 1929 Ted Hufton
0%
1 0 1903 1903 Tom Holford
0%
1 0 1910 1910 Wally Hardinge
0%
No matching quizzes found
Score Distribution
Percent of People with Each Score
Percentile by Number Answered
Your Score History
You have not taken this quiz